000 00446nam a2200145 i 4500
001 49907
003 ES-MaACL
005 20230906162101.0
007 t|
008 030725s1973 sp ||||1| spa d
245 0 0 _aCreemos y confesamos
_b: confesión de fé de los Países Bajos.
260 _a[Barcelona] :
_bAsociación Cultural de Estudios de literatura Reformada,
_c1973.
300 _a60 p. ;
_c19 cm.
852 _aES-MaACL
_jC-54106
_bR.86686
999 _c49907
_d49907